000 00322nam a22001457a 4500
003 SGT
082 _a617.7
_bC16A
100 _aAGRRWAL, M. L.
245 _aCLINICAL EXAMINATION OF OPHTHALMIC CASES
250 _a3RD
260 _aINDIA
_bCBS
_c2016
300 _a350
650 _aOPHTHALMOLOGY
942 _2ddc
_cBK
_07
999 _c14627
_d14627